000 00507cam a2200193ua 4500
020 _cRs.850/-
041 _aeng
_h
082 _a631.41
_bRYA/SO
100 _aRiyan , Jihn .
245 _aSoil and plant analysis labourtary manual /
_cRiyan John.
_hTextual Documents
250 _a2 /
_b.
260 _aJodpur :
_bScientific publications ,
_c2007.
300 _a172 ;
_e`.
365 _aRs.850/-
504 _a
700 1 _aGeorge, Abdul Rshid .
942 _cBK
999 _c13092
_d13092